| 000 | 01598cam a22004814i 4500 | ||
|---|---|---|---|
| 003 | PE-LiUPU | ||
| 005 | 20250731172900.0 | ||
| 008 | 150623s r 000 0 d | ||
| 020 | _a9042911832 | ||
| 020 | _a9789042911833 | ||
| 035 | _a(Sirsi) a165876 | ||
| 040 |
_aPE-LiUPU _bspa _cPE-LiUPU _erda |
||
| 049 | _aPRUA | ||
| 082 | 0 | 4 |
_a291.4 _bS21 _222 |
| 100 | 1 |
_aWaaijmann, Cornelis Johannes., _eautor. |
|
| 245 | 1 | 4 |
_aSpirituality : _bforms, foundations, methods / _cedited by K. Waaijman ; translated by John Vriend. |
| 264 | 1 |
_aLeuven : _bPeeters, _c2002. |
|
| 300 |
_aviii, 968 páginas ; _c25 centímetros. |
||
| 336 |
_atext _2rdacontent |
||
| 337 |
_aunmediated _2rdamedia |
||
| 338 |
_avolume _2rdacarrier |
||
| 490 | 0 |
_aStudies in Spirituality. Supplement ; _v8 |
|
| 505 | 0 | _aForms of spirituality -- Fundational research -- methods of spirituality research. | |
| 526 | _aSEG42 | ||
| 526 | _aSEG41 | ||
| 526 | _aSEG40 | ||
| 526 | _aSEG39 | ||
| 526 | _aP94 | ||
| 526 | _aP87 | ||
| 526 | _aP86 | ||
| 526 | _aP85 | ||
| 526 | _aP77 | ||
| 526 | _aP76 | ||
| 526 | _aP35 | ||
| 650 | 0 | 4 | _aEspiritualidad. |
| 630 | 0 | 0 |
_aBiblia. _pAntiguo Testamento. _lgriego. _sSeptuagint _xCrítica, interpretación, etc. |
| 700 | 1 |
_aVried, John, _etraductor. |
|
| 942 |
_2ddc _cBOOK |
||
| 994 |
_aC0 _bPEPRU |
||
| 596 | _a1 | ||
| 999 |
_a291.4 S21 _wLC _c14621 _i75194 _f2021-11-11 _g5 _lCCODEBUL1 _mBUL _r0 _sY _tBOOK _u2017-1-5 _xTEOLOGIA _PP85 _o.STAFF. Colección TEOLOGIA _d14621 |
||
| 980 |
_81 _gALBERTO SANCHEZ Responsable de Automatización |
||